000 00712nas a2200229 4500
001 BR9209240
003 BR-BrBNA
005 20231205093236.0
007 ta
008 230509b bl.|||p| |||| 00| 00por d
040 _aBR-BrBNA
_bpor
_cBiblioteca Nacional de Agricultura
041 _a(Pt)
072 _aE11
100 1 _aCarvalho, Y.M.C. de
100 1 _aDulley, R.D.
245 1 _aA possibilidade da reforma agraria do Brasil novo
650 _aREFORMA AGRARIA
650 _aPOSSE DE TERRA
773 0 _tInformacoes Economicas - Instituto de Economia Agricola (Brazil)
_xISSN 0100-4409
_g(Aug 1990), v. 20(8) p. 121-136
_wBR9209240
909 _a202311
_bLúcia
_c55
_dLúcia Elande
942 _2AGRIS
_n0
_cANA
999 _c137032
_d137032